Asertivita v komunikácii študenta strednej školy

Salvato in:
Dettagli Bibliografici
Autore principale: Pagáč, Martin, 1976- (Autore)
Altri autori: Bednáriková, Mária, 1978- (Relatore della tesi)
Natura: Manoscritto Libro
Lingua:slovacco
Pubblicazione: STU v Bratislave MTF UIPH, 2010
Soggetti:
Accesso online:VAIS
Tags: Aggiungi Tag
Nessun Tag, puoi essere il primo ad aggiungerne!!

MARC

LEADER 00000ntm a22000003a 4500
001 stu207413
005 20160719160316.0
008 100714s2010------------------------slo-d
040 |a STU  |b slo 
041 0 |a slo 
100 1 |a Pagáč, Martin,  |d 1976-  |4 aut  |X 57554  |7 A000057554 
242 0 0 |a Assertiveness in communication of student at secondary school.  |y eng 
245 1 |a Asertivita v komunikácii študenta strednej školy 
260 |b STU v Bratislave MTF UIPH,  |c 2010 
650 7 |a asertivita  |2 stusub 
650 7 |a agresivita  |2 stusub 
700 1 |a Bednáriková, Mária,  |d 1978-  |4 ths  |u M310  |U MTF Ústav inžinierskej pedagogiky a humatitných vied  |T MTF Katedra humanitných vied  |X 70675  |U M310  |Y M310  |7 A000070675 
856 4 |a info a plný text  |u http://is.stuba.sk/zp/portal_zp.pl?podrobnosti=58826  |3 VAIS 
996 |c M*DP-9565  |l MMSKP  |s P  |a 0  |w stu207413_0001